000 01166cam a22002771i 4500
003 SA-RiAUC
005 20250213084425.0
008 250209s1961 le g b 00010 ara c
040 _aSA-RiAUC
_bara
_cSA-RiAUC
_erda
082 0 4 _a247.98
_qSA-RiAUC
090 _a247.98
_b ط ل ي
100 1 _aطليع، أمين محمد،
_d1911-1989
_eمؤلف.
245 1 0 _aأصل الموحدين الدروز وأصولهم /
_cأمين محمد طليع ؛ قدمه محمد أبو شقرا، عرفة مارون عبود.
250 _aالطبعة الأولى.
264 1 _aبيروت :
_bدار الأندلس للطبع والنشر :
_bمكتبة البستاني للطبع والنشر،
_c1961
300 _a197 صفحة ؛
_c24 سم
336 _aنص
_btxt
_2rdacontent
_3كتاب
337 _aبدون وسيط
_bn
_2rdamedia
338 _aمجلد
_bnc
_2rdacarrier
504 _aببليوجرافية : صفحة 193-194.
650 7 _aالدروز
_xتاريخ
_2aucsh
700 1 _aأبو شقرا، محمد
_eمقدم.
700 0 _aمارون عبود،
_d1886-1962
_eمقدم.
942 _2ddc
_cBOOK
_n0
949 _aSA-JeALM
_d250209
_uosman123
_n1
999 _c5897
_d5897